Optimalizácia prepravných trás vo vybranom podniku (aplikácia problému obchodného cestujúceho) diplomová práca

Gespeichert in:
Bibliographische Detailangaben
1. Verfasser: Roško, Michal
Körperschaft: Podnikovohospodárska fakulta EU so sídlom v Košiciach. Katedra marketingu a obchodu
Weitere Verfasser: Gajdoš, Jozef, 1962-2025
Format: Buch
Sprache:Slowakisch
Veröffentlicht: Košice 2011
Tags: Tag hinzufügen
Keine Tags, Fügen Sie das erste Tag hinzu!

MARC

LEADER 00000nbm a2200000 4500
001 0139108
005 20161109101907.1
041 0 |a slo 
044 |a SK 
245 1 0 |a Optimalizácia prepravných trás vo vybranom podniku (aplikácia problému obchodného cestujúceho)  |b diplomová práca  |c Michal Roško ; školiteľ: Jozef Gajdoš 
264 1 |a Košice  |c 2011 
300 |a 61 s. 
100 1 |a Roško, Michal 
700 1 |a Gajdoš, Jozef, 1962-2025 
710 2 |a Podnikovohospodárska fakulta EU so sídlom v Košiciach. Katedra marketingu a obchodu